| 000 | 00676 a2200217 4500 | ||
|---|---|---|---|
| 010 | _aENG-85375 | ||
| 020 |
_a81825670896 _c46.00 |
||
| 035 | _aEN-68908 | ||
| 037 | _bD.B.Act / Pub | ||
| 082 | 1 | 4 | _a239.1 |
| 090 |
_c2175 _d2175 |
||
| 100 | 1 | _aKapur, Daryai Lal | |
| 245 | 1 |
_aCall of the great master _cby Daryai Lal Kapur |
|
| 250 | _a11 th ed | ||
| 260 |
_aBeas _bRadha Swami Satsang _c2006 |
||
| 270 |
_aDera Baba Jaimal Singh _bBeas (Pubaj) _e143 204 |
||
| 300 |
_axliv, 254 p. _c21 cm (Hb) |
||
| 500 | _aincludes glossary and index | ||
| 942 |
_adpl _cEN _k239.1 / KAP |
||
| 999 |
_c2135 _d2135 |
||